'G' Countries Quiz Stats

 Plays Quiz Updated Aug 20, 2015

Score 0/11 Timer 03:00
4 Plays Today
% Correct
Germany
84.4%
Ghana
80.4%
Guinea
80.2%
Guyana
76.6%
Guatemala
76.3%
Gabon
72%
Greece
69.2%
The Gambia
67.6%
Guinea-Bissau
66.2%
Georgia
65.8%
Grenada
65.5%

You're not logged in!

Compare scores with friends on all Sporcle quizzes.
OR
Log In

Sporcle TV

Today on Sporcle TV


Watch our educational content, quiz creation guides, and fun videos on Sporcle TV.

Show Comments

Extras

Top Quizzes Today


Score Distribution

Your Account Isn't Verified!

In order to create a playlist on Sporcle, you need to verify the email address you used during registration. Go to your Sporcle Settings to finish the process.

Report this User

Report this user for behavior that violates our Community Guidelines.

Details: